000 00496nam a2200181Ia 4500
005 20240913130104.0
008 240913s9999||||xx |||||||||||||| ||und||
041 _aENGLISH
082 _A614.12 Q4
100 _aShewale,Jaiprakash G
245 0 _aForensic DNA Analysis : Current Practices and Emerging Technologies
250 _a1st
260 _c2014
_bCRC Press Taylor & Fr
500 _aREFERENCE
650 _aForensic Science
_bAllied Health Science
942 _cREF
999 _c246942
_d246942